000 00803nam a2200217 4500
001 109566
003 ES-MaACL
005 20250701021848.0
007 t|
008 061121s1979 sp r ||||1| spa d
245 0 3 _aEl oficio de librero /
_c[bajo la direcciñon de Michael Ollendorff ; traducción Esther Benítez Eiroa].
260 _aMadrid :
_bEditora Nacional,
_c1979.
300 _a360 p. ;
_c24 cm.
650 4 _aLibreros-
_zFrancia.
_914424
700 1 _aOllendorff, Michael.
_986906
700 1 _aBenítez, Esther,
_d1937-2001
_927600
710 2 _aAssociation nationale pour la formation et le perfectionnement professionnel en librairie et papeterie (Francia)
_91828
852 _aES-MaACL
_jA-9940
_bR.99207
852 _aES-MaACL
_jA-9945
_bR.98794
999 _c109566
_d109566